000 00479nam a2200169 i 4500
001 21151
003 ES-MaACL
005 20230906152429.0
007 t|
008 021121s1974 mx ||||1| spa d
100 1 _aAlba, Víctor.
_919198
245 1 0 _aSentencia dictada contra el P.O.U.M. (1938) /
_cVíctor Alba.
250 _a[1ª ed.].
260 _aMéxico :
_b[s.n.,
_c1974] (
_fTall. B. Costa-Amic)
300 _a15 p. ;
_c20 cm.
852 _aES-MaACL
_j2096-F-3
_bR.92603
999 _c21151
_d21151